Advanced methods of mathematical physics by R S Kaushal and D Parashar; ^aMany-body problems and quantum field theory: an introduction by Philippe A Martin and Francois Rothen.Tr by Steven Goldfarb (Record no. 1211787)

MARC details
000 -LEADER
fixed length control field 01502nam a2200325Ia 4500
003 - CONTROL NUMBER IDENTIFIER
control field OSt
005 - DATE AND TIME OF LATEST TRANSACTION
control field 20221007123359.0
008 - FIXED-LENGTH DATA ELEMENTS--GENERAL INFORMATION
fixed length control field 221006b |||||||| |||| 00| 0 eng d
020 ## - INTERNATIONAL STANDARD BOOK NUMBER
International Standard Book Number 8173192774 (hbd)
037 ## - SOURCE OF ACQUISITION
Terms of availability Textual
040 ## - CATALOGING SOURCE
Original cataloging agency PAPL
Transcribing agency PAPL
Language of cataloging eng
041 ## - LANGUAGE CODE
Source of code eng
Language code of text/sound track or separate title eng
100 ## - MAIN ENTRY--PERSONAL NAME
Personal name Kaushal R S
9 (RLIN) 82428
245 #0 - TITLE STATEMENT
Title Advanced methods of mathematical physics by R S Kaushal and D Parashar; ^aMany-body problems and quantum field theory: an introduction by Philippe A Martin and Francois Rothen.Tr by Steven Goldfarb
Remainder of title Parashar D Martin Philippe A Rothen Francois
260 ## - PUBLICATION, DISTRIBUTION, ETC.
Place of publication, distribution, etc. New
Name of publisher, distributor, etc. Delhi Narosa Pub. House; ^aBerlin Springer-Verlag
Date of publication, distribution, etc. 2000
300 ## - PHYSICAL DESCRIPTION
Extent xviii, 508p; xiii, 441p
Dimensions cm.
490 ## - SERIES STATEMENT
Volume/sequential designation Originally published in French as Problemes a N-corps et champs quantiques
500 ## - GENERAL NOTE
General note Appendix 470-498pBibliography 499-5019903; ; Bibliography 431-436p; Index 437-441p; ^n23/CSL/CARPA/2002-2003/528^d2002-12-06^mPurchase; ; 2002-03/689^b2003-02-03^c284^d2003-01-23^eRs.3,354.00^fUnilib Book Distributors; ; 2003-03-31^bSB^c2003-04-17^dRPS
650 ## - SUBJECT ADDED ENTRY--TOPICAL TERM
Topical term or geographic name entry element Mathematics
650 ## - SUBJECT ADDED ENTRY--TOPICAL TERM
Topical term or geographic name entry element Physics
700 ## - ADDED ENTRY--PERSONAL NAME
Personal name Martin Philippe A
9 (RLIN) 717150
700 ## - ADDED ENTRY--PERSONAL NAME
Personal name Parashar D
700 ## - ADDED ENTRY--PERSONAL NAME
Personal name Rothen Francois
9 (RLIN) 717151
942 ## - ADDED ENTRY ELEMENTS (KOHA)
Classification part C:(B), P0;2
Koha item type Textual
Source of classification or shelving scheme Colon Classification (CC)
Holdings
Withdrawn status Lost status Source of classification or shelving scheme Damaged status Not for loan Home library Current library Date acquired Source of acquisition Serial Enumeration / chronology Total Checkouts Full call number Barcode Date last seen Price effective from Koha item type
    Colon Classification (CC)     Department of Physics and Astrophysics Library Department of Physics and Astrophysics Library 2022-10-07 N R, Originally published in French as Problemes a N-corps et champs quantiques   C:(B) P0;2 PA0005364 2022-10-07 2022-10-07 Textual
Copyright @ Delhi University Library System